Culturito nuevas manualidades (Registro nro. 12341)

Detalles MARC
000 -LIDER
fixed length control field 00903nam a2200265 4500
003 - IDENTIFICACDOR DE NÚMERO DE CONTROL
control field DO-SdBNP
005 - DATE AND TIME OF LATEST TRANSACTION
control field 20161207120905.0
008 - ELEMENTOS DE LONGITUD FIJA
fixed length control field 161207b1998 sp||||| |||| 00| 0 spa d
020 ## - ISBN
International Standard Book Number 8480551550
040 ## - FUENTE DE CATALOGACIÓN
Agencia que crea de manera original el registro BPMSU
Idioma de catalogación spa
Agencia que realiza la transcripción BPMSU
082 ## - NÚMERO DE CLASIFICACIÓN DECIMAL DE DEWEY
Classification number 745.5
Item number C968n
245 ## - MENCIÓN DE TITULO
Título Culturito nuevas manualidades
246 33 - VARIACION DEL TÍTULO
Título propiamente dicho o título corto Nuevas manualidades
260 0# - PUBLICACIÓN, DISTRIBUCIÓN, ETC. (PIE DE IMPRENTA)
Lugar de publicación, distribución, etc Madrid :
Nombre del editor, distribuidor, etc. Cultural ,
Fecha de publicación, distribución, etc 1998
300 ## - DESCRIPCIÓN FÍSICA
Materiales especificados 3 v. :
Otros detalles físicos il. :
Dimensiones 27 cm
505 0# - NOTA DE CONTENIDO
Información miscelánea v. 1.
Título La contura; la tela ; la lana; los muñecos ; la cuerda ; la rafia
--
505 0# - NOTA DE CONTENIDO
Información miscelánea v. 2.
Título Las materias naturales ; el modelado ; el corcho ; la paja ; las marionetas
--
505 ## - NOTA DE CONTENIDO
Información miscelánea v. 3.
Título El papel ; la cartulina ; dibujar y pintar ; los envases ; el papel maché
650 #4 - ENCABEZAMIENTO DE MATERIA--TEMÁTICO
Término temático o nombre geográfico como elemento de entrada ARTESANIAS
650 #4 - ENCABEZAMIENTO DE MATERIA--TEMÁTICO
Término temático o nombre geográfico como elemento de entrada ARTE DECORATIVO
650 #4 - ENCABEZAMIENTO DE MATERIA--TEMÁTICO
Término temático o nombre geográfico como elemento de entrada LITERATURA JUVENIL
910 ## - VALIDACIÓN
Validación Validado. Control de calidad MFF
942 ## - ADDED ENTRY ELEMENTS (KOHA)
Source of classification or shelving scheme Dewey Decimal Classification
Koha item type Libros
956 ## - LOCAL ELECTRONIC LOCATION AND ACCESS (OCLC)
Nombre de host dgarcia
Existencias
Withdrawn status Lost status Source of classification or shelving scheme Damaged status Not for loan Collection code Home library Current library Date acquired Source of acquisition Total Checkouts Full call number Barcode Date last seen Price effective from Koha item type Copy number
    Dewey Decimal Classification     Colección Juvenil General Biblioteca Pública Metropolitana Salomé Ureña Biblioteca Pública Metropolitana Salomé Ureña 12/07/2016 Compra   745.5 C968n v.1 BPMSU16120197 12/07/2016 12/07/2016 Libros  
    Dewey Decimal Classification     Colección Juvenil General Biblioteca Pública Metropolitana Salomé Ureña Biblioteca Pública Metropolitana Salomé Ureña 12/07/2016 Compra   745.5 C968n v.1 BPMSU16120198 12/07/2016 12/07/2016 Libros ej. .2
    Dewey Decimal Classification     Colección Juvenil General Biblioteca Pública Metropolitana Salomé Ureña Biblioteca Pública Metropolitana Salomé Ureña 12/07/2016 Compra   745.5 C968n v.2 BPMSU16120199 12/07/2016 12/07/2016 Libros  
    Dewey Decimal Classification     Colección Juvenil General Biblioteca Pública Metropolitana Salomé Ureña Biblioteca Pública Metropolitana Salomé Ureña 12/07/2016 Compra   745.5 C968n v.2 BPMSU16120200 12/07/2016 12/07/2016 Libros ej. 2
    Dewey Decimal Classification     Colección Juvenil General Biblioteca Pública Metropolitana Salomé Ureña Biblioteca Pública Metropolitana Salomé Ureña 12/07/2016 Compra   745.5 C968n v.3 BPMSU16120201 12/07/2016 12/07/2016 Libros  
    Dewey Decimal Classification     Colección Juvenil General Biblioteca Pública Metropolitana Salomé Ureña Biblioteca Pública Metropolitana Salomé Ureña 12/07/2016 Compra   745.5 C968n v.3 BPMSU16120204 12/07/2016 12/07/2016 Libros ej. 3